书目信息 |
| 题名: |
圣西门选集 第三卷
|
|
| 作者: | 董果良 , 赵鸣远 译 | |
| 分册: | ||
| 出版信息: | 北京 商务印书馆 1985.03 |
|
| 页数: | 266页 | |
| 开本: | 32开 | |
| 丛书名: | ||
| 单 册: | ||
| 中图分类: | D091.6 | |
| 科图分类: | ||
| 主题词: | 政治学--历史 , 政治思想史 | |
| 电子资源: | ||
| ISBN: | 7-100-02451-X | |
| 000 | 00629nam0 2200217 45 | |
| 001 | 0009151946 | |
| 005 | 20000915191806.6 | |
| 010 | @a7-100-02451-X@d10.90元 | |
| 100 | @a20000915d1985 km y0chiy0120 ea | |
| 101 | 0 | @achi |
| 105 | @a z 000yy | |
| 200 | 1 | @a圣西门选集 第三卷@ASheng Xi Men Xuan Ji Di San Juan@f董果良,赵鸣远译@FDong Guo Liang,Zhao Ming Yuan Yi |
| 210 | @a北京@c商务印书馆@d1985.03 | |
| 215 | @a266页@d32开 | |
| 606 | 0 | @a政治学@x历史 |
| 606 | 0 | @a政治思想史 |
| 690 | @aD091.6@v3 | |
| 701 | 0 | @a董果良@4译 |
| 701 | 0 | @a赵鸣远@4译 |
| 801 | @aCN@bPftUser@c20000915 | |
| 905 | @b144455-457@dD091.6@eW799:3@f3 | |
| 圣西门选集 第三卷/董果良,赵鸣远译.-北京:商务印书馆,1985.03 |
| 266页;32开 |
| ISBN 7-100-02451-X:10.90元 |
| ● |
| 相关链接 |
|
|
|
正题名:圣西门选集第三卷
索取号:D091.6/W799:3
 
预约/预借
| 序号 | 登录号 | 条形码 | 馆藏地/架位号 | 状态 | 备注 |
| 1 | 144455 | 201444552 | 法学院资料室/ [索取号:D091.6/W799:3] | 在馆 | |
| 2 | 144456 | 201444561 | 社科库509/422社科库 42排1列4层/ [索取号:D091.6/W799:3] | 在馆 | |
| 3 | 144457 | 201444570 | 社科库509/509社科库 68排4列2层/ [索取号:D091.6/W799:3] | 在馆 |